Statistics for First-Level Subdivisions of The Nordics

Click here to take the quiz!

General Stats

  • This quiz has been taken 14 times
  • The average score is 43 of 75

Answers on the Map

Answers color-coded by a green-red scale on the quiz's map according to % correct below.
 

Answer Stats

Subdivisions% Correct
Faroe Islands
90%
Greenland
90%
Oslo
90%
Eastern Region
80%
Lapland
80%
Southern Region
80%
Stockholm
80%
Svalbard
80%
Capital Region
70%
Central Denmark Region
70%
Central Finland
70%
Central Ostrobothnia
70%
Capital Region of Denmark
70%
North Jutland Region
70%
North Karelia
70%
North Ostrobothnia
70%
Ostrobothnia
70%
Region of Southern Denmark
70%
Satakunta
70%
South Karelia
70%
South Ostrobothnia
70%
Zealand Region
70%
Åland
60%
Dalarna
60%
Finnmark
60%
Gotland
60%
Halland
60%
Jämtland
60%
Jönköping
60%
Kainuu
60%
Kalmar
60%
Nordland
60%
Norrbotten
60%
North Savo
60%
Örebro
60%
Päijät-Häme
60%
Pirkanmaa
60%
Rogaland
60%
Skåne
60%
Södermanland
60%
South Savo
60%
Southwest Finland
60%
Uppsala
60%
Uusimaa
60%
Västerbotten
60%
Västra Götaland
60%
Western Region
60%
Blekinge
50%
Bouvet Island
50%
Gävleborg
50%
Jan Mayen
50%
Kanta-Häme
50%
Kymenlaakso
50%
Northeastern Region
50%
Northwestern Region
50%
Östergötland
50%
Troms
50%
Trøndelag
50%
Värmland
50%
Västernorrland
50%
Västmanland
50%
Kronoberg
40%
Østfold
40%
Peter I Island
40%
Queen Maud Land
40%
Telemark
40%
Vestfold
40%
Vestland
40%
Agder
30%
Akershus
30%
Buskerud
30%
Innlandet
30%
Møre og Romsdal
30%
Westfjords
20%
Southern Peninsula
10%

Score Distribution

Percentile by Number Answered

Percent of People with Each Score

Your Score History

You have not taken this quiz